| 000 | 00709nam a2200289Ia 4500 | ||
|---|---|---|---|
| 005 | 20260324123445.0 | ||
| 008 | 008 260324s9999 xx 000 0 eng d | ||
| 020 | _a9780203122013 | ||
| 037 | _aEBOOK | ||
| 040 | _aCRL | ||
| 040 | _beng | ||
| 040 | _cCRL | ||
| 041 | _2eng | ||
| 041 | _aeng | ||
| 084 | _qCRL | ||
| 100 |
_aTiina Seppälä _91170378 |
||
| 245 | 0 | _aGlobalizing Resistance against War | |
| 245 | 0 | _bTheories of Resistance and the New Anti-War Movement | |
| 260 | _bTaylor and Francis | ||
| 260 | _c2012 | ||
| 365 | _a | ||
| 365 | _b70.99 | ||
| 856 | _uhttp://www.taylorfrancis.com/books/9780203122013 | ||
| 942 | _cEBOOK | ||
| 999 |
_c1763919 _d1763919 |
||